[Event "WchT Seniors 65"]
[Site "Prague"]
[Date "2020.03.08"]
[Round "3.7"]
[White "Navratil, Frantisek"]
[Black "Carlsson, Ingvar"]
[Result "1/2-1/2"]
[WhiteElo "2124"]
[BlackElo "2038"]
[PlyCount "25"]
[EventDate "2020.03.06"]
[EventType "team-swiss"]
[EventRounds "7"]
[EventCountry "CZE"]
[SourceTitle "CBM 195 Extra"]
[Source "ChessBase"]
[SourceDate "2020.05.31"]
[SourceVersion "1"]
[SourceVersionDate "2020.05.31"]
[SourceQuality "1"]
[WhiteTeam "Czech Republic 65 V"]
[BlackTeam "Sweden 65 II"]
[WhiteTeamCountry "CZE"]
[BlackTeamCountry "SWE"]

1. e4 e6 2. d4 d5 3. exd5 exd5 4. Bd3 Bd6 5. Nf3 Nc6 6. c3 Nge7 7. Qc2 Bg4 8. Nbd2 Qd7 9. 0-0 f6 10. b4 Bf5 11. Bxf5 Qxf5 12. Qxf5 Nxf5 13. Re1+ 1/2-1/2

[Event "CZE-chT2D 1617"]
[Site "Czech Republic"]
[Date "2017.01.29"]
[Round "7.6"]
[White "Navratil, Frantisek"]
[Black "Danek, Pavel"]
[Result "1/2-1/2"]
[WhiteElo "2128"]
[BlackElo "1919"]
[PlyCount "20"]
[EventDate "2016.10.09"]
[EventType "team-tourn"]
[EventRounds "11"]
[EventCountry "CZE"]
[SourceTitle "EXT 2022"]
[Source "ChessBase"]
[SourceDate "2021.10.06"]
[SourceVersion "1"]
[SourceVersionDate "2021.10.06"]
[SourceQuality "1"]
[WhiteTeam "Polabiny II"]
[BlackTeam "Vysoke Myto"]
[WhiteTeamCountry "CZE"]
[BlackTeamCountry "CZE"]

1. e4 e6 2. d4 d5 3. exd5 exd5 4. Bd3 Nf6 5. c3 c6 6. Bg5 Be7 7. Qe2 Nbd7 8. Nf3 0-0 9. 0-0 h6 10. Bh4 Bd6 1/2-1/2

[Event "CZE-chT2D 1617"]
[Site "Czech Republic"]
[Date "2016.11.27"]
[Round "4.7"]
[White "Navratil, Frantisek"]
[Black "Juchelka, Marek"]
[Result "1-0"]
[WhiteElo "2128"]
[BlackElo "1374"]
[PlyCount "55"]
[EventDate "2016.10.09"]
[EventType "team-tourn"]
[EventRounds "11"]
[EventCountry "CZE"]
[SourceTitle "EXT 2022"]
[Source "ChessBase"]
[SourceDate "2021.10.06"]
[SourceVersion "1"]
[SourceVersionDate "2021.10.06"]
[SourceQuality "1"]
[WhiteTeam "Polabiny II"]
[BlackTeam "Polabiny III"]
[WhiteTeamCountry "CZE"]
[BlackTeamCountry "CZE"]

1. e4 e6 2. d4 d5 3. exd5 exd5 4. Bd3 Nf6 5. c3 Bd6 6. Ne2 0-0 7. Qc2 Re8 8. Bg5 Nbd7 9. Bxh7+ Kh8 10. Bd3 Be7 11. Nd2 Ne4 12. Bxe7 Qxe7 13. Bxe4 dxe4 14. Nc4 c5 15. 0-0 b5 16. Ne3 cxd4 17. Nxd4 a6 18. Ndf5 Qf6 19. Rad1 Nc5 20. Nd6 Re6 21. Nd5 Qg6 22. Nxc8 Rxc8 23. Nf4 Qf6 24. Nxe6 Qxe6 25. Qe2 Nd3 26. f3 f5 27. fxe4 fxe4 28. Rxd3 1-0

[Event "CZE-chT2D 1516"]
[Site "Czech Republic"]
[Date "2016.04.17"]
[Round "11.5"]
[White "Zboril, Tomas"]
[Black "Navratil, Frantisek"]
[Result "1/2-1/2"]
[WhiteElo "2148"]
[BlackElo "2133"]
[PlyCount "20"]
[EventDate "2015.10.18"]
[EventType "team-tourn"]
[EventRounds "11"]
[EventCountry "CZE"]
[SourceTitle "EXT 2022"]
[Source "ChessBase"]
[SourceDate "2021.10.06"]
[SourceVersion "1"]
[SourceVersionDate "2021.10.06"]
[SourceQuality "1"]
[WhiteTeam "Litovel Tatran II"]
[BlackTeam "Polabiny II"]
[WhiteTeamCountry "CZE"]
[BlackTeamCountry "CZE"]

1. e4 c5 2. Nf3 e6 3. b3 b6 4. Bb2 Bb7 5. Nc3 d6 6. d4 cxd4 7. Nxd4 Nf6 8. Bb5+ Nbd7 9. 0-0 Be7 10. Re1 0-0 1/2-1/2

[Event "CZE-chT2D 1415"]
[Site "Czech Republic"]
[Date "2015.01.11"]
[Round "5.3"]
[White "Stodola, Marek"]
[Black "Navratil, Frantisek"]
[Result "1/2-1/2"]
[WhiteElo "1934"]
[BlackElo "2150"]
[PlyCount "30"]
[EventDate "2014.11.02"]
[EventType "team-tourn"]
[EventRounds "11"]
[EventCountry "CZE"]
[SourceTitle "EXT 2022"]
[Source "ChessBase"]
[SourceDate "2021.10.06"]
[SourceVersion "1"]
[SourceVersionDate "2021.10.06"]
[SourceQuality "1"]
[WhiteTeam "Policka Stefanydes II"]
[BlackTeam "Polabiny II"]
[WhiteTeamCountry "CZE"]
[BlackTeamCountry "CZE"]

1. d4 d5 2. c4 c6 3. cxd5 cxd5 4. Nc3 Nf6 5. Nf3 e6 6. Bf4 Bd6 7. Bxd6 Qxd6 8. e3 0-0 9. Bd3 Nc6 10. Rc1 e5 11. dxe5 Nxe5 12. Nd4 Nxd3+ 13. Qxd3 a6 14. 0-0 Bd7 15. Rfd1 Rad8 1/2-1/2

[Event "CZE-chT2D 1415"]
[Site "Czech Republic"]
[Date "2014.11.16"]
[Round "2.5"]
[White "Navratil, Frantisek"]
[Black "Sykora, Josef"]
[Result "1/2-1/2"]
[WhiteElo "2150"]
[BlackElo "2117"]
[PlyCount "31"]
[EventDate "2014.11.02"]
[EventType "team-tourn"]
[EventRounds "11"]
[EventCountry "CZE"]
[SourceTitle "EXT 2022"]
[Source "ChessBase"]
[SourceDate "2021.10.06"]
[SourceVersion "1"]
[SourceVersionDate "2021.10.06"]
[SourceQuality "1"]
[WhiteTeam "Polabiny II"]
[BlackTeam "Pardubice AKIS"]
[WhiteTeamCountry "CZE"]
[BlackTeamCountry "CZE"]

1. e4 e6 2. d4 d5 3. exd5 exd5 4. Bd3 Bd6 5. Nf3 Ne7 6. 0-0 Bg4 7. Bg5 0-0 8. Nbd2 f6 9. Bh4 Nf5 10. Bxf5 Bxf5 11. Bg3 c6 12. Re1 Bxg3 13. hxg3 Re8 14. Rxe8+ Qxe8 15. c3 Nd7 16. Qb3 1/2-1/2

[Event "CZE-chT2D 1415"]
[Site "Czech Republic"]
[Date "2014.11.02"]
[Round "1.3"]
[White "Safarik, Jakub"]
[Black "Navratil, Frantisek"]
[Result "1-0"]
[WhiteElo "2104"]
[BlackElo "2150"]
[PlyCount "73"]
[EventDate "2014.11.02"]
[EventType "team-tourn"]
[EventRounds "11"]
[EventCountry "CZE"]
[SourceTitle "EXT 2022"]
[Source "ChessBase"]
[SourceDate "2021.10.06"]
[SourceVersion "1"]
[SourceVersionDate "2021.10.06"]
[SourceQuality "1"]
[WhiteTeam "Lipa ZVU Engineering"]
[BlackTeam "Polabiny II"]
[WhiteTeamCountry "CZE"]
[BlackTeamCountry "CZE"]

1. d4 d5 2. Nf3 c6 3. c4 e6 4. g3 dxc4 5. Ne5 Qd5 6. Nf3 Nd7 7. Nc3 Qa5 8. Bg2 Ngf6 9. 0-0 Nd5 10. Bd2 Bb4 11. Ne4 0-0 12. Nd6 c3 13. Nc4 Qa6 14. bxc3 Bxc3 15. Bxc3 Nxc3 16. Qd3 Nd5 17. Qc2 N5f6 18. Rac1 Nb6 19. Nce5 Nbd5 20. e4 Ne7 21. Nc4 Rd8 22. e5 Ne8 23. Qe4 h6 24. Qh4 Kf8 25. g4 b5 26. Nd6 Nxd6 27. exd6 Rxd6 28. g5 Ng6 29. Qg3 Rd8 30. gxh6 gxh6 31. Ne5 Nxe5 32. Qxe5 Bd7 33. Qd6+ Ke8 34. Rc3 f6 35. Bf3 Rdc8 36. Bh5+ Kd8 37. Rg3 1-0

[Event "CZE-chT1W 1213"]
[Site "Czech Republic"]
[Date "2013.01.27"]
[Round "6.7"]
[White "Novotny, Jaroslav"]
[Black "Navratil, Frantisek"]
[Result "1/2-1/2"]
[WhiteElo "2165"]
[BlackElo "2162"]
[PlyCount "93"]
[EventDate "2012.10.28"]
[EventType "team-tourn"]
[EventRounds "11"]
[EventCountry "CZE"]
[SourceTitle "EXT 2014"]
[Source "ChessBase"]
[SourceDate "2013.11.20"]
[SourceVersion "1"]
[SourceVersionDate "2013.11.20"]
[SourceQuality "1"]
[WhiteTeam "Jicin"]
[BlackTeam "Polabiny"]
[WhiteTeamCountry "CZE"]
[BlackTeamCountry "CZE"]

1. d4 d5 2. Nf3 c6 3. c4 e6 4. e3 Nf6 5. Nbd2 Nbd7 6. Bd3 Bd6 7. 0-0 e5 8. cxd5 cxd5 9. dxe5 Nxe5 10. Nxe5 Bxe5 11. Nf3 Bd6 12. Bd2 0-0 13. Bc3 Qe7 14. Rc1 Bg4 15. Be2 Rad8 16. Qd4 b6 17. Rfd1 Be6 18. Qh4 Ne4 19. Qxe7 Bxe7 20. Bd4 Bd6 21. Ne5 f6 22. Nc6 Rd7 23. f3 Nc5 24. b4 Nb7 25. Nxa7 Bxb4 26. Bxb6 Ra8 27. Bb5 Rf7 28. Bc6 d4 29. Rxd4 Ba5 30. Bxa5 Rxa7 31. Bb4 Rc7 32. a3 Ra6 33. Bxb7 Rxc1+ 34. Kf2 Rb6 35. Bd5 Rc2+ 36. Kg3 Bxd5 37. Rxd5 Rb8 38. h4 h6 39. h5 Ra2 40. Kh3 Rf2 41. e4 Rc8 42. Rd3 Ra2 43. g4 Rc7 44. Kg3 g6 45. hxg6 Kg7 46. Rd6 Re2 47. Kf4 1/2-1/2

[Event "CZE-chT2D 1112"]
[Site "Czech Republic"]
[Date "2012.02.19"]
[Round "8.3"]
[White "Kacirek, Petr"]
[Black "Navratil, Frantisek"]
[Result "1/2-1/2"]
[WhiteElo "2298"]
[BlackElo "2193"]
[PlyCount "61"]
[EventDate "2011.10.09"]
[EventType "team-tourn"]
[EventRounds "11"]
[EventCountry "CZE"]
[SourceTitle "EXT 2013"]
[Source "ChessBase"]
[SourceDate "2012.11.22"]
[SourceVersion "1"]
[SourceVersionDate "2012.11.22"]
[SourceQuality "1"]
[WhiteTeam "Hradec Kralove II"]
[BlackTeam "Polabiny III"]
[WhiteTeamCountry "CZE"]
[BlackTeamCountry "CZE"]

1. d4 d5 2. Nf3 c6 3. c3 Bf5 4. Bf4 e6 5. Qb3 Qb6 6. Nbd2 Nd7 7. Nh4 Bg6 8. Nxg6 hxg6 9. Qxb6 axb6 10. e4 dxe4 11. Nxe4 Ngf6 12. Nd6+ Bxd6 13. Bxd6 Ne4 14. Bf4 g5 15. Be3 f5 16. Bc4 Kf7 17. f3 Nd6 18. Bb3 f4 19. Bf2 b5 20. 0-0-0 Nc4 21. Rde1 Ndb6 22. h3 Rad8 23. Re2 Rh6 24. Rhe1 Rd6 25. Re4 Nd5 26. Bxc4 bxc4 27. Kc2 Rd8 28. Re5 Rg6 29. b3 b5 30. Kb2 Rb8 31. Rc1 1/2-1/2

[Event "CZE-chT1E 1112"]
[Site "Czech Republic"]
[Date "2011.11.13"]
[Round "3"]
[White "Navratil, Frantisek"]
[Black "Beil, Zdenek"]
[Result "1-0"]
[WhiteElo "2193"]
[BlackElo "2256"]
[PlyCount "83"]
[EventDate "2011.10.02"]
[EventType "team-tourn"]
[EventRounds "11"]
[EventCountry "CZE"]
[SourceTitle "EXT 2012"]
[Source "ChessBase"]
[SourceDate "2011.11.24"]
[SourceVersion "1"]
[SourceVersionDate "2011.11.24"]
[SourceQuality "1"]
[WhiteTeam "Polabiny II"]
[BlackTeam "Litovel II"]
[WhiteTeamCountry "CZE"]
[BlackTeamCountry "CZE"]

1. e4 d6 2. Nc3 Nf6 3. d4 g6 4. Bg5 Bg7 5. Qd2 h6 6. Bf4 c6 7. f3 Qa5 8. a3 e5 9. dxe5 dxe5 10. Be3 Be6 11. Bd3 Nbd7 12. Nge2 Kf8 13. g4 Ne8 14. Ng3 Nc5 15. Be2 Na6 16. Rd1 b5 17. 0-0 Kg8 18. b4 Qc7 19. a4 Nxb4 20. axb5 Bf8 21. bxc6 Nxc6 22. Nd5 Bxd5 23. exd5 Nd4 24. Bd3 Rd8 25. c4 Nb3 26. Qg2 Bc5 27. Bxc5 Nxc5 28. Ne4 Nd6 29. Nxd6 Rxd6 30. Bc2 Kh7 31. h4 Rb8 32. Qh2 Rdb6 33. h5 e4 34. hxg6+ Rxg6 35. d6 Qd7 36. Qe5 Rg5 37. Bxe4+ Kg8 38. Bf5 Qc6 39. d7 Rd8 40. Rd6 Nxd7 41. Qd4 Qc7 42. f4 1-0

[Event "CZE-chT2D 0809"]
[Site "Czech Republic"]
[Date "2009.02.08"]
[Round "8.6"]
[White "Navratil, Frantisek"]
[Black "Holemar, David"]
[Result "1/2-1/2"]
[WhiteElo "2262"]
[BlackElo "2326"]
[PlyCount "96"]
[EventDate "2008.10.12"]
[EventType "tourn"]
[EventRounds "11"]
[EventCountry "CZE"]
[SourceTitle "EXT 2010"]
[Source "ChessBase"]
[SourceDate "2010.11.25"]
[SourceVersion "1"]
[SourceVersionDate "2010.11.25"]
[SourceQuality "1"]

1. e4 c5 2. Nf3 Nc6 3. d4 cxd4 4. Nxd4 Nf6 5. Nc3 e5 6. Nb3 Bb4 7. Bc4 Nxe4 8. Bxf7+ Kxf7 9. Qd5+ Kf8 10. Qxe4 Bxc3+ 11. bxc3 d5 12. Qf3+ Kg8 13. 0-0 Be6 14. Nc5 Qe7 15. Nxe6 Qxe6 16. Rb1 Rf8 17. Qd3 b6 18. Rb5 Rd8 19. Rd1 d4 20. Re1 Kf7 21. Bg5 Rd7 22. Qf3+ Kg6 23. h4 Rc8 24. Bf4 Kf7 25. Bxe5+ Kg8 26. Qe4 dxc3 27. Bxc3 Qxe4 28. Rxe4 Na5 29. Bxa5 bxa5 30. c4 a4 31. c5 a3 32. Ra5 Rcc7 33. Rea4 Rd1+ 34. Kh2 Rd2 35. Rxa3 Rxf2 36. Rxa7 Rxc5 37. Rb3 Rc6 38. Rb8+ Rf8 39. Rxf8+ Kxf8 40. Kh3 h5 41. a4 Rc3+ 42. Kh2 Ra3 43. a5 Kg8 44. a6 Kh7 45. Ra8 Kg6 46. Kg1 Ra2 47. Kf1 Kf5 48. Rg8 Kg6 1/2-1/2

[Event "CZE-chT2D 0809"]
[Site "Czech Republic"]
[Date "2009.01.11"]
[Round "6.5"]
[White "Hajek, Lukas"]
[Black "Navratil, Frantisek"]
[Result "1/2-1/2"]
[WhiteElo "2109"]
[BlackElo "2262"]
[PlyCount "57"]
[EventDate "2008.10.12"]
[EventType "tourn"]
[EventRounds "11"]
[EventCountry "CZE"]
[SourceTitle "EXT 2010"]
[Source "ChessBase"]
[SourceDate "2010.11.25"]
[SourceVersion "1"]
[SourceVersionDate "2010.11.25"]
[SourceQuality "1"]

1. d4 d5 2. Nf3 c6 3. Bf4 Bf5 4. e3 e6 5. Bd3 Bxd3 6. Qxd3 Bd6 7. Bg3 Nf6 8. Nbd2 h6 9. 0-0 0-0 10. c4 Bxg3 11. hxg3 Nbd7 12. b4 Re8 13. b5 c5 14. Rac1 cxd4 15. Nxd4 e5 16. N4b3 e4 17. Qd4 dxc4 18. Nxc4 b6 19. Rfd1 a6 20. Nd6 Re5 21. bxa6 Rd5 22. Qa4 Nc5 23. Nxc5 Qxd6 24. Nb7 Qd7 25. Qxd7 Rxd7 26. Rxd7 Nxd7 27. Rd1 Nf8 28. Rd4 Rxa6 29. a4 1/2-1/2

[Event "CZE-chT1W 0708"]
[Site "Czech Republic"]
[Date "2008.02.24"]
[Round "8.8"]
[White "Navratil, Frantisek"]
[Black "Doring, Robert"]
[Result "0-1"]
[WhiteElo "2240"]
[BlackElo "2218"]
[PlyCount "37"]
[EventDate "2007.10.28"]
[EventType "team-tourn"]
[EventRounds "11"]
[EventCountry "CZE"]
[SourceTitle "EXT 2009"]
[Source "ChessBase"]
[SourceDate "2008.11.26"]
[SourceVersion "1"]
[SourceVersionDate "2008.11.26"]
[SourceQuality "1"]
[WhiteTeam "Polabiny"]
[BlackTeam "Hradec Kralove"]
[WhiteTeamCountry "CZE"]
[BlackTeamCountry "CZE"]

1. e4 e5 2. Nf3 Nc6 3. Bc4 Nf6 4. Ng5 d5 5. exd5 Na5 6. Bb5+ c6 7. dxc6 bxc6 8. Bd3 Nd5 9. Ne4 f5 10. Ng3 Nf4 11. Bf1 Bc5 12. c3 Bb6 13. b4 Nb7 14. d4 Ng6 15. a4 a5 16. b5 0-0 17. bxc6 Nd6 18. Qb3+ Kh8 19. Qxb6 0-1

[Event "CZE-chT2c 0607"]
[Site "Czech Republic"]
[Date "2007.02.11"]
[Round "7.7"]
[White "Navratil, Frantisek"]
[Black "Flek, Ladislav"]
[Result "1/2-1/2"]
[WhiteElo "2243"]
[BlackElo "2024"]
[PlyCount "122"]
[EventDate "2006.10.15"]
[EventType "team-tourn"]
[EventRounds "11"]
[EventCountry "CZE"]
[SourceTitle "EXT 2008"]
[Source "ChessBase"]
[SourceDate "2007.11.25"]
[SourceVersion "1"]
[SourceVersionDate "2007.11.25"]
[SourceQuality "1"]
[WhiteTeam "Polabiny II"]
[BlackTeam "Praha Pankrac II"]
[WhiteTeamCountry "CZE"]
[BlackTeamCountry "CZE"]

1. e4 c5 2. Nf3 d6 3. d4 cxd4 4. Qxd4 Nc6 5. Bb5 Bd7 6. Bxc6 Bxc6 7. Bg5 Qa5+ 8. Nbd2 h6 9. Bh4 Qc5 10. c3 Nf6 11. Bxf6 gxf6 12. Qd3 h5 13. 0-0 Bh6 14. Nb3 Qb6 15. Nbd4 Bd7 16. b3 e6 17. a4 Rc8 18. c4 Qc5 19. Rfd1 Bf4 20. Ne2 Be5 21. Nxe5 fxe5 22. Qxd6 Qxd6 23. Rxd6 Rc6 24. Rd3 Ke7 25. Rad1 Rc7 26. f3 Bc6 27. Nc3 Rd7 28. Kf2 Rxd3 29. Rxd3 b6 30. Rd2 f5 31. exf5 exf5 32. Nd5+ Ke6 33. Nc7+ Ke7 34. Nb5 a5 35. Nc3 Ke6 36. Nd5 Rb8 37. g3 Rb7 38. Ke3 Be8 39. Nc3 Bd7 40. f4 e4 41. Ne2 Rc7 42. h3 Rc5 43. g4 hxg4 44. hxg4 fxg4 45. Nd4+ Ke7 46. Kxe4 Rh5 47. f5 g3 48. Kf3 Rh2 49. Rg2 Rxg2 50. Kxg2 Kf6 51. Kxg3 Ke5 52. f6 Be8 53. Nb5 Kxf6 54. Nc7 Bc6 55. Kf4 Ke7 56. Ke5 Bf3 57. Nd5+ Kd7 58. Nxb6+ Kc6 59. Nd5 Kc5 60. Nc3 Kb4 61. Nb5 Kxb3 1/2-1/2

[Event "Ceska Trebova op 2nd"]
[Site "Ceska Trebova"]
[Date "2006.09.01"]
[Round "8"]
[White "Navratil, Frantisek"]
[Black "Ardeleanu, Alin"]
[Result "1/2-1/2"]
[WhiteElo "2225"]
[BlackElo "2424"]
[PlyCount "92"]
[EventDate "2006.08.26"]
[EventType "swiss"]
[EventRounds "9"]
[EventCountry "CZE"]
[SourceTitle "CBM 114 Extra"]
[Source "ChessBase"]
[SourceDate "2006.11.03"]
[SourceVersion "1"]
[SourceVersionDate "2006.11.03"]
[SourceQuality "1"]

1. e4 c5 2. Nf3 a6 3. c3 g6 4. d4 cxd4 5. Nxd4 Bg7 6. Be3 Nf6 7. Nd2 d5 8. Qf3 0-0 9. exd5 Nxd5 10. Bc4 Nxe3 11. fxe3 Nd7 12. Qe2 Ne5 13. Bb3 Bg4 14. N2f3 Qc7 15. h3 Nxf3+ 16. gxf3 Bh5 17. 0-0-0 e5 18. Nc2 e4 19. Ne1 Rae8 20. Bd5 Bh6 21. Qf2 Qc5 22. Rd4 Bxf3 23. Nxf3 exf3 24. Re1 Rxe3 25. Rxe3 Re8 26. Qxf3 Bxe3+ 27. Kc2 Qc7 28. Re4 Rxe4 29. Qxe4 Bh6 30. Bxb7 a5 31. Bd5 Bf8 32. a3 Kg7 33. b4 Qh2+ 34. Qg2 Qd6 35. Kb3 Be7 36. Qf3 f5 37. Ka4 axb4 38. axb4 Qe5 39. Kb5 h5 40. c4 g5 41. Qxh5 Qb8+ 42. Ka6 Qd6+ 43. Ka7 Qc7+ 44. Ka6 Qd6+ 45. Ka7 Qc7+ 46. Ka6 Qd6+ 1/2-1/2

[Event "Ceska Trebova op 2nd"]
[Site "Ceska Trebova"]
[Date "2006.08.28"]
[Round "3"]
[White "Navratil, Frantisek"]
[Black "Haba, Petr"]
[Result "0-1"]
[WhiteElo "2225"]
[BlackElo "2514"]
[PlyCount "88"]
[EventDate "2006.08.26"]
[EventType "swiss"]
[EventRounds "9"]
[EventCountry "CZE"]
[SourceTitle "CBM 114 Extra"]
[Source "ChessBase"]
[SourceDate "2006.11.03"]
[SourceVersion "1"]
[SourceVersionDate "2006.11.03"]
[SourceQuality "1"]

1. e4 c5 2. Nf3 Nc6 3. d4 cxd4 4. Nxd4 Nf6 5. Nc3 e5 6. Nb3 Bb4 7. Bc4 0-0 8. Bd5 Ne7 9. 0-0 Bxc3 10. bxc3 d6 11. Ba3 Nexd5 12. exd5 Qc7 13. f4 Re8 14. Qd3 e4 15. Qd4 b6 16. Rae1 Ba6 17. Nd2 e3 18. Rxe3 Rxe3 19. Qxe3 Nxd5 20. Qe4 Bb7 21. Re1 h6 22. c4 Nf6 23. Qd4 Qc6 24. Qf2 Re8 25. Rxe8+ Qxe8 26. Bb2 Nh5 27. Bd4 Qc6 28. Be3 Qa4 29. Qe2 Nf6 30. Qd3 Qxa2 31. Qxd6 Qa1+ 32. Nf1 Be4 33. Bd4 Qd1 34. Qd8+ Kh7 35. Bxf6 Qxc2 36. Ne3 Qc1+ 37. Kf2 gxf6 38. Qd4 f5 39. g4 Qh1 40. gxf5 Qxh2+ 41. Ke1 Qxf4 42. Kd2 Qf2+ 43. Kc3 Bxf5 44. Nd5 Qxd4+ 0-1

[Event "CZE-chT2c 0506"]
[Site "Czech Republic"]
[Date "2006.04.09"]
[Round "11.3"]
[White "Chura, Jan"]
[Black "Navratil, Frantisek"]
[Result "1-0"]
[WhiteElo "2209"]
[BlackElo "2200"]
[PlyCount "57"]
[EventDate "2005.10.16"]
[EventType "team-tourn"]
[EventRounds "11"]
[EventCountry "CZE"]
[SourceTitle "EXT 2009"]
[Source "ChessBase"]
[SourceDate "2008.11.26"]
[SourceVersion "1"]
[SourceVersionDate "2008.11.26"]
[SourceQuality "1"]
[WhiteTeam "Bohemians II"]
[BlackTeam "Synthesia II"]
[WhiteTeamCountry "CZE"]
[BlackTeamCountry "CZE"]

1. e4 c5 2. Nf3 e6 3. d4 cxd4 4. Nxd4 a6 5. Nb3 d6 6. Nc3 Nf6 7. g4 Nc6 8. g5 Nd7 9. Be3 Be7 10. f4 b6 11. Qg4 Bb7 12. h4 Qc7 13. 0-0-0 b5 14. Bg2 Nb6 15. Bxb6 Qxb6 16. h5 a5 17. g6 a4 18. gxf7+ Kxf7 19. Nd2 Bf6 20. e5 dxe5 21. Nde4 Rad8 22. Nd6+ Ke7 23. Nxb7 Qxb7 24. fxe5 Rxd1+ 25. Rxd1 Bxe5 26. Qg5+ Kf7 27. Bxc6 Qxc6 28. Qxe5 b4 29. Rf1+ 1-0

[Event "CZE-chT2c 0506"]
[Site "Czech Republic"]
[Date "2006.03.26"]
[Round "10.4"]
[White "Horak, Vladimir"]
[Black "Navratil, Frantisek"]
[Result "1/2-1/2"]
[WhiteElo "2138"]
[BlackElo "2200"]
[PlyCount "29"]
[EventDate "2005.10.16"]
[EventType "team-tourn"]
[EventRounds "11"]
[EventCountry "CZE"]
[SourceTitle "EXT 2009"]
[Source "ChessBase"]
[SourceDate "2008.11.26"]
[SourceVersion "1"]
[SourceVersionDate "2008.11.26"]
[SourceQuality "1"]
[WhiteTeam "Praha Praga II"]
[BlackTeam "Synthesia II"]
[WhiteTeamCountry "CZE"]
[BlackTeamCountry "CZE"]

1. d4 d5 2. Nf3 c6 3. e3 Bg4 4. Nbd2 Nf6 5. c4 e6 6. Be2 Nbd7 7. 0-0 Bd6 8. h3 Bh5 9. b3 0-0 10. Bb2 Rc8 11. Ne1 Bxe2 12. Qxe2 e5 13. dxe5 Bxe5 14. Bxe5 Nxe5 15. Nef3 1/2-1/2